000 00890nam a2200277Ia 4500
003 OSt
005 20220928105106.0
006 a|||||r|||| 00| 0
007 ta
008 220927b |||||||| |||| 00| 0 eng d
020 _cIndian Rupees 0
024 _a140940
037 _bGift, 08/05/2019,
_cTextual
040 _aSDCL
_cSDCL
_beng
041 _2eng
_aeng
082 _aQ7, Q8 LR
100 _aSardar Ziauddin
_9387479
245 0 _aRethinking reform in higher education
_b From Islamization to integration to knowledge
260 _aLondon
_bInternational Institute of Islamic Thought
_c2018
300 _a32p.
_ccm.
490 _aIIIT books-In-brief series
650 _aGift
_9391569
700 _a Henzell-Thomas Jeremy
_9413695
942 _hQ7, Q8 LR
_cTEXL
_2CC
999 _c729504
_d729504